000 00677nam a2200289Ia 4500
005 20260324140934.0
008 008 260324s9999 xx 000 0 eng d
020 _a9780203024300
037 _aEBOOK
040 _aCRL
040 _beng
040 _cCRL
041 _2eng
041 _aeng
084 _qCRL
100 _aKimie Hara
_91159741
245 0 _aJapanese-Soviet/Russian Relations since 1945
245 2 _bA Difficult Peace
260 _bTaylor and Francis
260 _c1998
365 _a
365 _b230
856 _uhttp://www.taylorfrancis.com/books/9780203024300
942 _cEBOOK
999 _c1808881
_d1808881